| 000 | 00709nam a2200229 a 4500 | ||
|---|---|---|---|
| 003 | AR-BaBNM | ||
| 005 | 20251128202959.0 | ||
| 008 | 082120s2002 ||||||||||||||000 | spa|| | ||
| 040 | _cAR-BaBNM | ||
| 100 | 1 | _aDestefani, Laurio H. | |
| 245 | 0 | 0 | _aLos marinos en las invasiones inglesas |
| 260 |
_aBuenos Aires _bComando General de la Armada _bDepartamento de estudios históricos navales _c1975 |
||
| 300 |
_a459 p. _bmapas, láms. |
||
| 490 | 0 |
_aHistoria naval argentina. B _vv. 5 |
|
| 650 | 4 | _aHISTORIA MILITAR | |
| 650 | 4 | _aHISTORIA DEL EJERCITO | |
| 650 | 4 | _aINVASIONES INGLESAS | |
| 650 | 4 | _aRECONQUISTA DE BUENOS AIRES | |
| 650 | 4 | _aCAPITULACION DE WHITELOCKE | |
| 942 | _cBK | ||
| 998 | _cmariana | ||
| 999 |
_c1351 _d1351 |
||